Memòria / Parc del Garraf i Parc d'Olèrdola Parc del Garraf i Parc d'Olèrdola
Publicado:
Barcelona :
Diputació de Barcelona, Àrea d'Espais Naturals, Xarxa de Parcs Naturals ,
2008
Descripción Física:
Volums : il·lustracions ; 30 cm
Materias:
Parc del Garraf (Catalunya)
; Parc d'Olèrdola (Catalunya)
; Barcelona (Catalunya : Província). -- Diputació -- Revistes
; Parcs naturals -- Barcelona (Catalunya : Província) -- Revistes
Idioma:
Catalán
MARC
| LEADER | 00000nam a2200000Ia 4500 | ||
|---|---|---|---|
| 001 | 22645, 22993, 23323 | ||
| 003 | Arxiu | ||
| 005 | 20260324181053.0 | ||
| 008 | 160829s2008 spcaxx s cat c | ||
| 017 | |a DL B-13484-2010 | ||
| 040 | |a AGDB | ||
| 080 | |a C-3-296, C-3-336, C-3-375 | ||
| 080 | |a Bib-677 | ||
| 110 | 2 | |a Parc del Garraf (Catalunya) |9 9859 | |
| 245 | 1 | 0 | |a Memòria / |b Parc del Garraf i Parc d'Olèrdola |
| 260 | |a Barcelona : |b Diputació de Barcelona, Àrea d'Espais Naturals, Xarxa de Parcs Naturals, |c 2008- | ||
| 300 | |a Volums : |b il·lustracions ; |c 30 cm | ||
| 590 | |a A la coberta: Parcs del Garraf i Olèrdola. | ||
| 590 | |a A partir del 2008, la memòria de cada parc s'unifica en una sola publicació. | ||
| 590 | |a A partir de 2010, l'editor és: Diputació de Barcelona. Àrea de Territori i Sostenibilitat, Xarxa de Parcs Naturals. | ||
| 610 | 0 | |a Parc del Garraf (Catalunya) |9 9859 | |
| 610 | 2 | 0 | |a Parc d'Olèrdola (Catalunya) |9 13549 |
| 610 | 1 | 0 | |a Barcelona (Catalunya : Província). |b Diputació |v Revistes |9 54166 |
| 650 | 0 | |a Parcs naturals |z Barcelona (Catalunya : Província) |v Revistes |9 53491 | |
| 710 | 2 | |a Parc d'Olèrdola (Catalunya) |9 13549 | |
| 710 | 1 | |a Barcelona (Catalunya : Província). |b Xarxa de Parcs Naturals |9 7250 | |
| 710 | 1 | |a Barcelona (Catalunya : Província). |b Gerència de Serveis d’Espais Naturals |9 52730 | |
| 780 | 0 | 0 | |t Memòria / Parc d'Olèrdola |
| 856 | |u https://www.diba.cat/documents/369507533/383726399/garraf_olerdola_memoria_2008.pdf/c5f242a4-85f6-7134-d825-87418eb834f7?t=1675247474536 |y Accés lliure (2008) (Portal de l'Àrea d'Espais Naturals) | ||
| 856 | |u https://www.diba.cat/documents/369507533/383726399/garraf_olerdola_memoria_2009.pdf/241534c6-cd75-fdb3-8668-398e5a9eddd9?t=1675247471937 |y Accés lliure (2009) (Portal de l'Àrea d'Espais Naturals) | ||
| 856 | |u https://parcs.diba.cat/documents/182160/5105638/Memoria2010.pdf/7484c016-9e49-4f32-899c-9959247a298f?t=1338299506848 |y Accés lliure (2010) (Portal de l'Àrea d'Espais Naturals) | ||
| 856 | |u https://www.diba.cat/documents/369507533/383726399/garraf_olerdola_memoria_2016.pdf/b7ee9009-6af3-bde0-5e3d-0f5d166501d1?t=1675247454718 |y Accés lliure (2016) (Portal de l'Àrea d'Espais Naturals) | ||
| 866 | |a 2008-2010 | ||
| 866 | |a 2016 | ||
| 901 | |a Arxiu | ||
| 942 | |n 1 |2 udc |c ARXIU | ||
| 952 | |0 0 |1 0 |4 0 |7 1 |9 54762 |a Arxiu |b Arxiu |d 2016-12-01 |h 2009 |o C-3-336 |p 22993 |r 2016-12-01 00:00:00 |w 2016-12-01 |y ARXIU | ||
| 952 | |0 0 |1 0 |4 0 |6 BIB677 |7 1 |9 62427 |a Arxiu |b Arxiu |d 2022-06-16 |h 2016 |l 0 |o Bib-677 |p 25962 |r 2022-06-16 00:00:00 |w 2022-06-16 |y ARXIU | ||
| 952 | |0 0 |1 0 |4 0 |6 PDL |7 1 |9 63778 |a Arxiu |b Arxiu |d 2022-09-05 |h 2008 |l 0 |o PDL |p 26699 |r 2022-09-05 00:00:00 |w 2022-09-05 |y ARXIU | ||
| 952 | |0 0 |1 0 |4 0 |6 PDL |7 1 |9 63779 |a Arxiu |b Arxiu |d 2022-09-05 |h 2009 |l 0 |o PDL |p 26700 |r 2022-09-05 00:00:00 |w 2022-09-05 |y ARXIU | ||
| 952 | |0 0 |1 0 |4 0 |6 C3296 |7 1 |9 65529 |a Arxiu |b Arxiu |d 2023-03-07 |h 2008 |l 0 |o C-3-296 |p 22645 |r 2023-03-07 00:00:00 |w 2023-03-07 |y ARXIU | ||
| 952 | |0 0 |1 0 |4 0 |6 C3375 |7 1 |9 65535 |a Arxiu |b Arxiu |d 2023-03-07 |h 2010 |l 0 |o C-3-375 |p 23323 |r 2023-03-07 00:00:00 |w 2023-03-07 |y ARXIU | ||
| 999 | |c 58631 |d 58631 | ||